| 000 | 00342nam a2200133Ia 4500 | ||
|---|---|---|---|
| 008 | 190216s9999||||xx |||||||||||||| ||und|| | ||
| 100 | _aRastogi. R.P And Misra.R.R | ||
| 245 | 3 | _aAn Introduction To Chemical Thermodynamics | |
| 250 | _a6th Ed. | ||
| 260 |
_bVikas Publishing House _c1995 |
||
| 300 | _a626 | ||
| 650 | _aPhysics | ||
| 942 | _cBK | ||
| 999 |
_c33335 _d33335 |
||